THE HARDY BOYS - THRILL RIDE (Record no. 7762)
[ view plain ]
| 000 -LEADER | |
|---|---|
| fixed length control field | 01029nam a22001457a 4500 |
| 020 ## - INTERNATIONAL STANDARD BOOK NUMBER | |
| ISBN | 978-1-4169-0005-4 |
| 082 ## - DEWEY DECIMAL CLASSIFICATION NUMBER | |
| Classification number | 823 |
| Item number | DIX/F |
| 100 ## - MAIN ENTRY--AUTHOR NAME | |
| Personal name | DIXON, FRANKLIN W |
| 245 ## - TITLE STATEMENT | |
| Title | THE HARDY BOYS - THRILL RIDE |
| 260 ## - PUBLICATION, DISTRIBUTION, ETC. (IMPRINT) | |
| Place of publication | NEW YORK |
| Name of publisher | ALADDIN PAPERBACKS |
| Year of publication | 2005 |
| 300 ## - PHYSICAL DESCRIPTION | |
| Number of Pages | 154 |
| 520 ## - SUMMARY, ETC. | |
| Summary, etc | (ATAC) sends Frank and Joe Hardy to investigate a woman's suspicious death and other strange occurrences at Uncle Bernie's Fun Park, in Massachusetts. The Hardy Boy Brothers look for the mysterious victim throughout the park while making lists of all the possible victims. Joe and Frank look all around the park for clues to solve this mystery. They ask some people question about if they saw the accident and had any ides of who causes this accident. They lists some suspects but they did not realize who the true one is. In the end it is the owner of the parks son. The son of the owner would hang around the hardy boys around the park and act friendly so he wouldn't be a suspect. |
| 650 ## - SUBJECT ADDED ENTRY--TOPICAL TERM | |
| Topical Term | MYSTERY STORY |
| Geographic subdivision | UNITED STATES |
| 942 ## - ADDED ENTRY ELEMENTS (KOHA) | |
| Koha item type | Books |
| Withdrawn status | Lost status | Collection code | Home library | Current library | Shelving location | Date acquired | Source of acquisition | Cost, normal purchase price | Full call number | Accession Number | Koha item type |
|---|---|---|---|---|---|---|---|---|---|---|---|
| Fiction | Main Library | Main Library | NEW SHELF WITH NEW ENTRY | 20/11/2023 | purchase | 250.00 | 823 DIX/F | 13384 | Books |